True adventures on westward trails / (Запис № 559723)
[ простий вигляд ]
| 000 -LEADER | |
|---|---|
| fixed length control field | 01295nam a2200277Ia 4500 |
| 001 - CONTROL NUMBER | |
| control field | trueadventureson00powe |
| 003 - CONTROL NUMBER IDENTIFIER | |
| control field | CaSfIA |
| 005 - DATE AND TIME OF LATEST TRANSACTION | |
| control field | 20210119104225.0 |
| 007 - PHYSICAL DESCRIPTION FIXED FIELD--GENERAL INFORMATION | |
| fixed length control field | cr|||| |
| 008 - FIXED-LENGTH DATA ELEMENTS--GENERAL INFORMATION | |
| fixed length control field | 070212s1954 nyua 000 1 eng d |
| 010 ## - LIBRARY OF CONGRESS CONTROL NUMBER | |
| LC control number | 54008298 |
| 040 ## - CATALOGING SOURCE | |
| Original cataloging agency | CUV |
| Transcribing agency | CUV |
| Modifying agency | CaSfIA |
| 035 ## - SYSTEM CONTROL NUMBER | |
| System control number | (OCoLC)82950956 |
| 090 ## - LOCALLY ASSIGNED LC-TYPE CALL NUMBER (OCLC); LOCAL CALL NUMBER (OCLC) | |
| Classification number (OCLC) (R) ; Classification number, CALL (RLIN) (NR) | PS3531.O9685 |
| Local cutter number (OCLC) ; Book number/undivided call number, CALL (RLIN) | T78 1954b |
| 100 1# - MAIN ENTRY--PERSONAL NAME | |
| Personal name | Powers, Alfred. |
| 245 10 - TITLE STATEMENT | |
| Title | True adventures on westward trails / |
| Medium | [electronic resource] |
| Statement of responsibility, etc | by Alfred Powers ; illustrated by Lorence F. Bjorklund. |
| 260 ## - PUBLICATION, DISTRIBUTION, ETC. (IMPRINT) | |
| Place of publication, distribution, etc | New York : |
| Name of publisher, distributor, etc | Grossset & Dunlap, |
| Date of publication, distribution, etc | c1954. |
| 300 ## - PHYSICAL DESCRIPTION | |
| Extent | 216 p. : |
| Other physical details | ill. ; |
| Dimensions | 20 cm. |
| 440 #4 - SERIES STATEMENT/ADDED ENTRY--TITLE | |
| Title | The True adventure library |
| 500 ## - GENERAL NOTE | |
| General note | "By arrangement with Little, Brown and Company"--T.p. verso. |
| 506 ## - RESTRICTIONS ON ACCESS NOTE | |
| Standardized terminology for access restriction | Необхідна авторизація на https://archive.org/ (створення облікового запису безкоштовно) |
| 506 ## - RESTRICTIONS ON ACCESS NOTE | |
| Standardized terminology for access restriction | Необхідна авторизація на https://openlibrary.org/ (створення облікового запису безкоштовно) |
| 856 41 - ELECTRONIC LOCATION AND ACCESS | |
| Uniform Resource Identifier | <a href="http://www.archive.org/details/trueadventureson00powe">http://www.archive.org/details/trueadventureson00powe</a> |
| Public note | Free eBook from the Internet Archive |
| 856 42 - ELECTRONIC LOCATION AND ACCESS | |
| Uniform Resource Identifier | <a href="http://www.openlibrary.org/books/OL6154829M">http://www.openlibrary.org/books/OL6154829M</a> |
| Public note | Additional information and access via Open Library |
| 942 ## - ADDED ENTRY ELEMENTS (KOHA) | |
| Koha item type | ЕКнига |
Немає доступних примірників.